ห้องสมุดวิทยาลัยพยาบาลบรมราชชนนี ตรัง
Boromarajonani College Of Nursing,Trang Library
เปลี่ยนเป็นภาษาไทย

Change to English
 แสดงรายละเอียดบรรณานุกรม
  กลับหน้าหลัก

Brief Record : Get Marc (ISO 2709) : E-mail record : QR code ปิดหน้าต่าง
หนังสือใหม่ : เกี่ยวกับ Collections
LEADER 00000nam 2200000uu 4500
001    13399123909
003     BCNT
008    260701s||||||||th 000 0 tha d
020    9786166127911
050  4 WY157 จ337ก 2568
060  4 WY157 จ337ก 2568
100 0  จารุวรรณ ก้าวหน้าไกล
245 1   การพยาบาลสตรีตั้งครรภ์ที่มีภาวะความดันโลหิตสูงและเบาหวานขณะตั้งครรภ์/จารุวรรณ ก้าวหน้าไกล.
250    ^aพิมพ์ครั้งที่ 2.
260    ขอนแก่น : คณะพยาบาลศาสตร์ มหาวิทยาลัยมหาสารคาม.
300    ก-ซ, 108 หน้า : ภาพประกอบ ; 26 ซม.
650  0 การพยาบาลสูติศาสตร์
999     ^aparamin
รายการนี้ยังไม่มีแท็ก
คุณยังไม่ได้ล็อกอิน คุณสามารถมีกิจกรรมร่วมกับเว็บไซต์ได้ แต่ต้องล็อกอินก่อน ::
  ล็อกอิน
ลำดับที่ ประเภท เลขเรียก สถานที่ สถานะ
1. หนังสือ
หนังสือ
WY157 จ337ก 2568 c.1 
  
ห้องสมุดสาขาหลัก
►ระบบ NLM
On Shelf
*เพิ่งรับคืน
2. หนังสือ
หนังสือ
WY157 จ337ก 2568 c.2 
  
ห้องสมุดสาขาหลัก
►ระบบ NLM
On Shelf
*เพิ่งรับคืน
3. หนังสือ
หนังสือ
WY157 จ337ก 2568 c.3 
  
ห้องสมุดสาขาหลัก
►ระบบ NLM
On Shelf
*เพิ่งรับคืน
4. หนังสือ
หนังสือ
WY157 จ337ก 2568 c.4 
  
ห้องสมุดสาขาหลัก
►ระบบ NLM
On Shelf
*เพิ่งรับคืน
5. หนังสือ
หนังสือ
WY157 จ337ก 2568 c.5 
  
ห้องสมุดสาขาหลัก
►ระบบ NLM
On Shelf
*เพิ่งรับคืน
   [แสดง 5/5 รายการ]

รายการใกล้เคียง
    หัวเรื่อง [การพยาบาลสูติศาสตร์]

BibComment


ยังไม่เคยถูกคอมเมนท์

คอมเมนท์ทรัพยากรรายการนี้
  คอมเมนท์: การพยาบาลสตรีตั้..
Bib 13399123909

 
 
 

 Union Library Management : ULibM
Copyright 2026. All Rights Reserved.